| Tag |
First Indicator |
Second Indicator |
Subfields |
| LEADER |
00000cam a2200000 a 4500 |
| 001 |
in00001479933 |
| 005 |
20181112162851.0 |
| 008 |
980512s1998 enkac b 001 0 eng |
| 010 |
|
|
|a 98024731
|
| 020 |
|
|
|a 0521641705 (hb)
|
| 035 |
|
|
|a (OCoLC)39217572
|
| 035 |
|
|
|9 AJF8151AM
|
| 040 |
|
|
|a DLC
|c DLC
|d C#P
|d TXA
|d UtOrBLW
|
| 049 |
|
|
|a TXAM
|
| 050 |
0 |
0 |
|a QA76.9.C65
|b R64 1998
|
| 082 |
0 |
0 |
|a 003.3
|2 21
|
| 100 |
1 |
|
|a Roever, W. P. de
|q (Willem Paul)
|
| 245 |
1 |
0 |
|a Data refinement :
|b model-oriented proof methods and their comparison /
|c Willem-Paul de Roever, Kai Engelhardt ; with the assistance of Karl-Heinz Buth [and others].
|
| 264 |
|
1 |
|a Cambridge ;
|a New York :
|b Cambridge University Press,
|c 1998.
|
| 300 |
|
|
|a xi, 423 pages :
|b illustrations, portraits ;
|c 24 cm.
|
| 336 |
|
|
|a text
|b txt
|2 rdacontent
|
| 337 |
|
|
|a unmediated
|b n
|2 rdamedia
|
| 338 |
|
|
|a volume
|b nc
|2 rdacarrier
|
| 490 |
1 |
|
|a Cambridge tracts in theoretical computer science ;
|v 47
|
| 504 |
|
|
|a Includes bibliographical references (pages 404-418) and index.
|
| 650 |
|
0 |
|a Computer simulation.
|
| 650 |
|
0 |
|a Data structures (Computer science)
|
| 650 |
|
0 |
|a Computer programs
|x Verification.
|
| 700 |
1 |
|
|a Engelhardt, Kai,
|d 1966-
|
| 700 |
1 |
|
|a Buth, Karl-Heinz.
|
| 830 |
|
0 |
|a Cambridge tracts in theoretical computer science ;
|v 47.
|
| 999 |
|
|
|a MARS
|
| 999 |
f |
f |
|s 74540f6b-a007-3313-83fa-aa4249d905a0
|i 50d90a0f-4328-3551-a0c6-870fd5a840da
|t 0
|
| 952 |
f |
f |
|p ric
|a Texas A&M University
|b Rellis Campus
|c Joint Library Facility
|d Remote Storage
|t 0
|e QA76.9.C65 R64 1998
|h Library of Congress classification
|i unmediated -- volume
|m A14823801723
|
| 998 |
f |
f |
|a QA76.9.C65 R64 1998
|t 0
|l Remote Storage
|